000
00508nam a2200145Ia 4500
008
151213s9999 xx 000 0 und d
100
_a
উলিয়াম রাদিচে।
245
_a
চারটি বক্তঋতা
_c
উলিয়াম রাদিচে।
260
_a
ঢাকা
_b
বাংল্ াএকাডেমী।
_c
1990
300
_a
8763 p.
650
_a
Bangla
650
_a
বক্ততা
700
_a
উলিয়াম রাদিচে।
999
_c
4548
_d
4548